Statistiques concernant Pays se terminant par I

Cliquez ici pour prendre le quiz!

Statistiques générales

  • Ce quiz a été pris 127 fois
  • Le résultat moyen est 6 sur 11

Statistiques - réponses

Pays % Correct
Malawi
72%
Fidji
70%
Mali
68%
Kiribati
64%
Burundi
59%
Haïti
54%
Chili
53%
Djibouti
52%
Brunei
43%
Eswatini
42%
Royaume-Uni
22%

Distribution des résultats

Percentile by Number Answered

% des personnes avec chaque résultat

Votre développement - résultats

Vous n’avez pas pris ce quiz